00350 a2200145 4500001000700000003000400007005001700011008004100028082001800069100001600087245005200103260002200155300001000177700001700187067093OSt20211028153631.0  a005.133bD53P1 aDey, Pradip1 aProgramming in Ccby Pradip Dey and Manas Ghosh aNew DelhibOxford a779p. aGhosh, Manas